MARC

LEADER 00000nas a2200000 a 4500
001 ssj0006153
003 WaSeSS
005 20200512172242.0
006 m d
007 cr n
008 980513c19789999aluqr p s 0 a0eng c
010 |a  2011250547 
022 |a 2641-3477  |l 0162-7341  |y 0162-7341 
035 |a (WaSeSS)ssj0006153 
037 |b University of South Alabama, Department of Psychology, Life Sciences Building, Room 320, Mobile, AL 36688-0002 United States 
040 |a FGA  |b eng  |c FGA  |d OCL  |d OCLCQ  |d TXJ  |d CO3  |d OCLCQ  |d BUF  |d DKU  |d TXA  |d OCLCF  |d CHVBK  |d OCLCO  |d OCLCQ  |d OCLCO  |d OCLCQ  |d AU@  |d OCLCO  |d WYU  |d DLC  |d WaSeSS 
041 0 |a eng  |b fre 
042 |a pcc  |a nsdp 
043 |a n-us--- 
050 1 4 |a GV561  |b .J68 
082 1 0 |a 796  |2 23 
130 0 |a Journal of sport behavior (Online) 
210 0 |a J. sport behav.  |b (Online) 
222 0 |a Journal of sport behavior  |b (Online) 
245 1 0 |a Journal of sport behavior  |h [electronic resource]. 
260 |a Mobile, AL :  |b United States Sports Academy 
310 |a Quarterly 
362 1 |a Print began with vol. 1, no. 1 (Feb. 1978). 
506 |a License restrictions may limit access. 
538 |a Mode of access: World Wide Web. 
588 |a Description based on: Vol. 3, no. 1 (Feb. 1980); title from PDF table of contents (PAO, viewed Oct. 9, 2012). 
588 |a Latest issue consulted: Vol. 35, no. 3 (Sept. 2012) (EBSCOhost, viewed Oct. 9, 2012). 
610 2 0 |a United States Sports Academy  |v Periodicals. 
610 2 7 |a United States Sports Academy.  |2 fast  |0 (OCoLC)fst00527382 
650 0 |a Sports  |v Periodicals. 
650 0 |a Sports  |x Psychological aspects  |v Periodicals. 
650 7 |a Sports.  |2 fast  |0 (OCoLC)fst01130432 
650 7 |a Sports  |x Psychological aspects.  |2 fast  |0 (OCoLC)fst01130495 
650 2 |a Sports  |x psychology  |v Periodicals. 
653 |a Psychology 
655 0 |a Electronic journals. 
710 2 |a United States Sports Academy. 
776 0 8 |i Print version:  |t Journal of sport behavior  |x 0162-7341  |w (DLC) 78645421  |w (OCoLC)3850194 
856 4 0 |z Full text available from Research Library: 03/01/1994 to present  |u https://search.proquest.com/publication/30153